LEADER 02197cas a2200493 u 4500 001 000000039530 003 CaOOAMICUS 005 20220502171413.0 008 921216c19629999dcubr1 u0 u eng u 022 0 $a0020-7829 032 $a267200$bUSPS 035 $a10794712 040 $aMnMULS$bita$cMnMULS$dOCoLC$dMH$dNSDP$dm.c.$dNSDP$dMH$dDLC$dNST$dAIP$dDLC$dAIP$dm/c$dNST 042 $ansdp$alc 082 0 $a341/.1$219 130 0 $aInternational legal materials$g[Spogli].$0(OLS)http://pul/title/53507 210 0 $aInt. leg. mater. 222 0$aInternational legal materials 245 10$aInternational legal materials. 260 $aWashington, D.C. :$bAmerican Society of International Law,$c[1962- 300 $av. ;$c28 cm 310 $aBimonthly 362 0 $aVol. 1, no. 1 (Aug. 1962)- 500 $aTitle from cover. 510 1 $aLegal resource index$b1980- 510 2 $aABC pol sci$x0001-0456 510 2 $aPublic Affairs Information Service bulletin$x0033-3409 530 $aDisponibile anche in formato elettronico, ISSN 1930-6571. 555 $aVols. 1 (1962)-8 (1969). 1 v. 650 4$aDiritto internazionale$xFonti.$0(OLS)http://pul/subject/18427 650 4$aTrattati.$0(OLS)http://pul/subject/4747 710 2 $aAmerican Society of International Law.$0(OLS)http://pul/name/5117 776 0 $tInternational legal materials$dWashington, D.C. : American Society of International Law, [1962-$x1930-6571$w()175176 850 $aPUL 852 $aPUL$W1$xDP1 Riviste Correnti$y15$m5-12/DP 1327 G$j53792$nSE-PRI$bv.37 (1998)-$qPeriodici$B53792$CPULBib$Z2$F53792 $82 941 1 $a5 961 $aPrecedente collocazione delle annate correnti: SL341.05 Riv.3 996 $6022$a0020-7829$9(OLS)http://pul/number/49197 996 $6082$a341/.1$219$9(OLS)http://pul/classification/322 996 $6210$aInt. leg. mater.$9(OLS)http://pul/title/53508 996 $6222$aInternational legal materials$9(OLS)http://pul/title/53509 996 $6245$aInternational legal materials$9(OLS)http://pul/title/53509 996 $6260$aWashington, D.C. :$bAmerican Society of International Law$9(OLS)http://pul/publisher/64059 LEADER 01394nam a2200313 a 4500 001 000000131751 003 CaOOAMICUS 005 20121128144018.0 008 121128s2001 it u000 u ita r 020 $a88-420-6245-6 040 $aPUL$bita 100 1 $aDahl, Robert A.$0(OLS)http://pul/name/32452 245 10$aPolitica e virtù :$bla teoria democratica nel nuovo secolo /$cRobert A. Dahl ; a cura di Sergio Fabbrini. 260 $aRoma ;$aBari :$bLaterza,$c2001. 300 $aXXXII, 190 p. ;$c20 cm 490 1 $aLibri del tempo ;$v314 504 $aInclude riferimenti bibliografici e indici. 650 4$aDemocrazia$ySec. XX$xStudi.$0(OLS)http://pul/subject/25597 700 1 $aFabbrini, Sergio.$0(OLS)http://pul/name/84807 830 0$aLibri del tempo (Laterza) ;$v314.$0(OLS)http://pul/title/7260 850 $aPUL 852 $aPUL$W1$xDP1 Fondo E. Rossi$y115$m1 D 3$j130791$qFondi$B150990$CPULBib$Z2$F150990 $82 852 $aPUL$W1$xDP1 Fondo Seidl$y56$m4 D 62$j176991$b2.copia$qFondi$B198309$CPULBib$Z2$F198309 $81 941 1 $a1 961 $aSul dorso collocazione ms. di E. Rossi: D 1 0 1 996 $6020$a88-420-6245-6$9(OLS)http://pul/number/151210 996 $6245$aPolitica e virtù :$bla teoria democratica nel nuovo secolo$9(OLS)http://pul/title/166460 996 $6260$aRoma ;$aBari :$bLaterza$9(OLS)http://pul/publisher/57682